Дискография Гуфа - Statistics

General Stats
  • This quiz has been taken 11 times
  • The average score is 5 of 17
Answer Stats
Год Примечание Альбом % Correct
2007 Город дорог
80%
2010 совместно с Бастой Баста\Гуф
60%
2009 Дома
50%
2012 Сам и...
40%
2007 в составе группы Centr Качели
30%
2015 Ещё
30%
2020 совместно с Murovei Дом, который построил Алик
30%
2017 совместно со Slim GuSli
30%
2023 Zапретное Mесто
30%
2003 совместно с Принципом Подарок
20%
2022 О'пять
20%
2014 совместно с Rigos 4:20
20%
2023 совместно со Смоки Мо Смоки Мо\GUF
20%
2017 совместно со Slim GuSli II
20%
2022 совместно с Murovei Part 2
20%
2008 в составе группы Centr Эфир в норме
10%
2016 в составе группы Centr Система
10%
No matching quizzes found
Score Distribution
Percent of People with Each Score
Percentile by Number Answered
Your Score History
You have not taken this quiz